000 005550000a22001810004500
001 5193
090 _a5193
100 _a19960924d1995 m||y0pory5003 ba
102 _aUS
200 _aProceedings of the seventh workshop on technical and scientific aspects of MST radar
_eSolar-Terrestrial Energy Program
200 _eSouth Carolina, Nov. 7-11 1995
_fedited by Belva Edwards
210 _aSouth Carolina
_cSTEP
_d1995
215 _a512 p.
_d18 cm
317 _aOrigem: IM
606 _aCONFERENCIAS
_zIM
606 _
_aRADAR
_zIM
700 0 1 _aEdwards
_bBelva
700 _4070